• 首页
  • 本馆介绍
  • 公告通知
  • 最新文献
  • 馆藏检索
  • 电子资源
  • 读者导购
  • 参考咨询
  • 我的图书馆
  • 登录
  • 详细信息显示
  • 放入我的书架
  • 预约/预借图书
  • 作者相关作品
  • 分类相关作品
  • 丛书相关作品
  • 出版社相关作品

书目信息

  • 表格格式
  • 工作单格式
  • 卡片格式
书名: The Biographical dictionary of scientists
作者: general editor, David Abbott.
分册号:
分册名:
出版地: London :
 
出版社: Blond Educational
出版时间: c1984.
页数: 203 p. :
开本: 26 cm.
丛书名:
中图分类号:
科图分类号:
其他分类号: K816.1
主题词:
电子资源:
000 00670nam 2200229 a 4504
001 E0758083664
005 20070429095218.89
008 0311211984 enka f 001 0 eng d
020    @a0584700008.
035    @a3138252
040    @aNLM@cNLM@dOSU
090    @aN029/W12/V.2
090    @aK816.1
099    @dK816.1@ex1
245 04 @aThe Biographical dictionary of scientists :@bChemists / @cgeneral editor, David Abbott.
260    @aLondon :@bBlond Educational,@cc1984.
300    @a203 p. :@bill. ;@c26 cm.
504    @aIncludes index.
650  0 @aChemists@xBiography.
700 10 @aAbbott, David,@d1937-
740 0  @aChemists.
920    @a232010@z2
    
    The Biographical dictionary of scientists : : Chemists / / general editor, David Abbott.-London : : Blond Educational, , c1984.
    203 p. : : ill. ; ; 26 cm.
    Includes index.
    
    ISBN 0584700008.
    
●
相关链接 在E读中查询图书 在五车中查询图书 在当当中查询图书 在豆瓣中查询图书


正题名:Biographical dictionary of scientists     索取号:K816.1/x1         预约/预借

序号 登录号 条形码 馆藏地/架位号 状态 备注
1 182651   001691814   第二样本阅览室/ [索取号:K816.1/x1] 在馆    
2 182652   001691850   第四借阅区/ [索取号:K816.1/x1] 在馆    
唐山师范学院图书馆 欢迎您!
大连网信软件有限公司© 版权所有